V Convención nacional de la Cultura 2008: Regiones, desarrollo e identidad
Shranjeno v:
| Korporativna značnica: | |
|---|---|
| Format: | Knjiga |
| Jezik: | španščina |
| Izdano: |
Valparaíso
Consejo Nacional de la Cultura y las Artes
2009
|
| Izdaja: | 1a. ed |
| Teme: | |
| Oznake: |
Označite
Brez oznak, prvi označite!
|
MARC
| LEADER | 00000cam a2200000 a 4500 | ||
|---|---|---|---|
| 001 | UCH2883 | ||
| 003 | CL-VaPUC | ||
| 005 | 20210624001307.0 | ||
| 008 | 090702e20090400cl 1 spa d | ||
| 020 | |a 9789568327507 | ||
| 082 | 0 | 4 | |a 353.7 |b CON |2 21 |
| 110 | 2 | |a Consejo Nacional de la Cultura y las Artes |e author |9 621425 | |
| 245 | 1 | 0 | |a V Convención nacional de la Cultura 2008: Regiones, desarrollo e identidad |
| 250 | |a 1a. ed | ||
| 260 | |a Valparaíso |b Consejo Nacional de la Cultura y las Artes |c 2009 | ||
| 300 | |a 153 p | ||
| 583 | |a last modification |c 20190908 06:57:20 |k Rodrigo Vera | ||
| 650 | 0 | 0 | |a Desarrollo cultural |9 267526 |
| 650 | 0 | 0 | |a Regionalización |9 255465 |
| 651 | 7 | |a CHILE |2 CL-VaPUC |9 621426 | |
| 942 | |c BK | ||
| 945 | |a dcastane |d 20090702 00:00:00 | ||
| 546 | |a En Español | ||
| 536 | |a Consejo Nacional de la Cultura y las Artes | ||
| 518 | |p Convención Nacional de la Cultura, 5, Viña del Mar, 22 al 24 de agosto de 2008 | ||
| 999 | |c 384451 |d 384449 | ||
| 952 | |0 0 |1 0 |4 0 |6 353_700000000000000_CON_2009 |7 0 |8 X |9 507166 |a FDOMLP |b FDOMLP |d 2020-01-23 |i 4528468 |o 353.7 CON 2009 |p 4528468 |r 2020-01-23 |w 2020-01-23 |y BK_X |k BU2 | ||
| 952 | |0 0 |1 0 |4 0 |6 353_700000000000000_CON_2009 |7 0 |8 A |9 507167 |a BIBCUR |b BIBCUR |d 2020-01-23 |i 4593960 |o 353.7 CON 2009 |p 4593960 |r 2025-04-22 |w 2020-01-23 |y BK |k PER | ||